Statistics for "Travel Man" Countries Visited Map

Click here to take the quiz!

General Stats

  • This quiz has been taken 59 times
    (31 since last reset)
  • The average score is 27 of 32

Answers on the Map

Answers color-coded by a green-red scale on the quiz's map according to % correct below.
 

Answer Stats

Times VisitedAnswer% Correct
2Russia
100%
1China (Hong Kong)
96%
3France
96%
2Germany
96%
5Italy
96%
7Spain
96%
2United States
96%
2Austria
92%
2Belgium
92%
1Denmark
92%
1Greece
92%
1Ireland
92%
1Netherlands
92%
1Poland
92%
3Portugal
92%
1Turkey
92%
1Brazil
88%
1Finland
88%
2Iceland
88%
2Norway
88%
1Sweden
88%
1Switzerland
88%
2Croatia
80%
1Hungary
80%
1Slovenia
80%
1Estonia
76%
1Lithuania
72%
1Morocco
72%
1United Arab Emirates
56%
1Cyprus
48%
1Jordan
48%
1Monaco
44%

Score Distribution

Percentile by Number Answered

Percent of People with Each Score

Your Score History

You have not taken this quiz since the last reset